Néprajzi előadás [rövid hír]
Elmentve itt :
| Dokumentumtípus: | Cikk |
|---|---|
| Megjelent: |
1933-11-26
|
| Sorozat: | Délmagyarország
9 No. 269 |
| Kulcsszavak: | Bálint Sándor, Előadás, Egyetem Barátainak Egyesülete 1933, Szeged |
| Online Access: | http://dmarchiv.bibl.u-szeged.hu/32451 |
| LEADER | 00465nab a2200145 i 4500 | ||
|---|---|---|---|
| 001 | delm32451 | ||
| 005 | 20180927105645.0 | ||
| 008 | 180927s1933 hu o 0|| hun d | ||
| 040 | |a SZTE Délmagyarország Archívum |b hun | ||
| 041 | |a hun | ||
| 245 | 0 | 0 | |a Néprajzi előadás |h [elektronikus dokumentum] : |b [rövid hír] |
| 260 | |c 1933-11-26 | ||
| 300 | |a 11 | ||
| 490 | 0 | |a Délmagyarország |v 9 No. 269 | |
| 695 | |a Bálint Sándor, Előadás, Egyetem Barátainak Egyesülete 1933, Szeged | ||